Trees and buildings (Record no. 91418)

MARC details
000 -LEADER
fixed length control field 00720cam a2200193 4500
001 - CONTROL NUMBER
control field D5309
008 - FIXED-LENGTH DATA ELEMENTS--GENERAL INFORMATION
fixed length control field 090401t1979 xxu||||| |||| 00| 0 eng d
035 ## - SYSTEM CONTROL NUMBER
System control number (Sirsi) u43988
041 ## - LANGUAGE CODE
Language code of text/sound track or separate title eng
050 ## - LIBRARY OF CONGRESS CALL NUMBER
Classification number 690.25
100 ## - MAIN ENTRY--PERSONAL NAME
Personal name Hall, T.H.R (ed)
245 ## - TITLE STATEMENT
Title Trees and buildings
260 ## - PUBLICATION, DISTRIBUTION, ETC.
Place of publication, distribution, etc. Westbury, Wilts
Name of publisher, distributor, etc. Arboricultural Association
Date of publication, distribution, etc. 1979
300 ## - PHYSICAL DESCRIPTION
Extent 47p. 21cm
350 ## - PRICE (NR) (BK AM CF MU VM SE) [OBSOLETE]
Price 1
520 ## - SUMMARY, ETC.
Summary, etc. Contains 5 articles. Tree root damage to buildings by PG Biddle. The physiological characteristics of tress and damage to buildings by root activity by MP Coutts. Trees and building foundations by Tarsem Flora. Trees and buildings by JFS Pryke and Trees and insurance by RA Reece
942 ## - ADDED ENTRY ELEMENTS (KOHA)
Suppress in OPAC 0
948 ## - LOCAL PROCESSING INFORMATION (OCLC); SERIES PART DESIGNATOR (RLIN)
c (OCLC) 04/03/1997
Holdings
Withdrawn status Lost status Source of classification or shelving scheme Damaged status Not for loan Home library Current library Shelving location Date acquired Cost, normal purchase price Total Checkouts Full call number Barcode Date last seen Date last checked out Copy number Cost, replacement price Price effective from Koha item type
    Dewey Decimal Classification     London London Basement 14/09/1999 1.00 1 BASEMENT 30004552 06/08/2019 04/06/2004 1 1.00 06/08/2019 Book